<?xml version="1.0" encoding="UTF-8"?>
<record
    xmlns:xsi="http://www.w3.org/2001/XMLSchema-instance"
    xsi:schemaLocation="http://www.loc.gov/MARC21/slim http://www.loc.gov/standards/marcxml/schema/MARC21slim.xsd"
    xmlns="http://www.loc.gov/MARC21/slim">

  <leader>01399nas a2200301 a 4500</leader>
  <controlfield tag="005">20170522103502.0</controlfield>
  <controlfield tag="008">080214c20069999bl || p      f|    0por c</controlfield>
  <datafield tag="022" ind1=" " ind2=" ">
    <subfield code="a">1981-8114</subfield>
  </datafield>
  <datafield tag="040" ind1=" " ind2=" ">
    <subfield code="a">CGU</subfield>
    <subfield code="c">CGU</subfield>
    <subfield code="d">CGU</subfield>
    <subfield code="d">CO-BoIAVH</subfield>
  </datafield>
  <datafield tag="041" ind1="0" ind2=" ">
    <subfield code="a">por</subfield>
  </datafield>
  <datafield tag="044" ind1=" " ind2=" ">
    <subfield code="a">bl</subfield>
  </datafield>
  <datafield tag="049" ind1=" " ind2=" ">
    <subfield code="a">CGUA</subfield>
  </datafield>
  <datafield tag="090" ind1=" " ind2=" ">
    <subfield code="a">SE</subfield>
  </datafield>
  <datafield tag="245" ind1="0" ind2="0">
    <subfield code="a">Boletim do Museu Paraense Em&#xED;lio Goeldi.</subfield>
    <subfield code="p">Ci&#xEA;ncias naturais.</subfield>
  </datafield>
  <datafield tag="246" ind1="3" ind2=" ">
    <subfield code="a">Ci&#xEA;ncias naturais</subfield>
  </datafield>
  <datafield tag="260" ind1=" " ind2=" ">
    <subfield code="a">Bel&#xE9;m (Brasil) :</subfield>
    <subfield code="b">Minist&#xE9;rio da Ci&#xEA;ncia e Tecnologia, Museu Paraense Em&#xED;lio Goeldi,</subfield>
    <subfield code="c">2006-</subfield>
  </datafield>
  <datafield tag="300" ind1=" " ind2=" ">
    <subfield code="b">illustraciones y mapas ;</subfield>
    <subfield code="c">26 x 22 cm.</subfield>
  </datafield>
  <datafield tag="546" ind1=" " ind2=" ">
    <subfield code="a">Chiefly in Portuguese with some articles in English and Spanish; abstracts in Portuguese and English or Spanish.</subfield>
  </datafield>
  <datafield tag="650" ind1="2" ind2="6">
    <subfield code="a">Historia natural</subfield>
    <subfield code="z">Brasil</subfield>
    <subfield code="v">Publicaciones peri&#xF3;dicas</subfield>
  </datafield>
  <datafield tag="650" ind1="2" ind2="6">
    <subfield code="a">Ciencias naturales</subfield>
    <subfield code="z">Brasil</subfield>
    <subfield code="v">Publicaciones peri&#xF3;dicas</subfield>
  </datafield>
  <datafield tag="650" ind1="2" ind2="6">
    <subfield code="a">Bot&#xE1;nica</subfield>
    <subfield code="z">Brasil</subfield>
    <subfield code="v">Publicaciones peri&#xF3;dicas</subfield>
  </datafield>
  <datafield tag="650" ind1="2" ind2="6">
    <subfield code="a">Ecolog&#xED;a</subfield>
    <subfield code="z">Brasil</subfield>
    <subfield code="v">Publicaciones peri&#xF3;dicas</subfield>
  </datafield>
  <datafield tag="710" ind1="2" ind2=" ">
    <subfield code="a">Museu Paraense Em&#xED;lio Goeldi.</subfield>
  </datafield>
  <datafield tag="710" ind1="1" ind2=" ">
    <subfield code="a">Brasil</subfield>
    <subfield code="b">Minist&#xE9;rio da Ci&#xEA;ncia e Tecnologia</subfield>
  </datafield>
  <datafield tag="776" ind1="0" ind2="8">
    <subfield code="i">Online version:</subfield>
    <subfield code="a">Boletim do Museu Paraense Em&#xED;lio Goeldi. Ci&#xEA;ncias naturais</subfield>
    <subfield code="w">(OCoLC)276360264</subfield>
    <subfield code="w">(ICU)10782520</subfield>
  </datafield>
  <datafield tag="780" ind1="0" ind2="0">
    <subfield code="t">Boletim do Museu Paraense Em&#xED;lio Goeldi. S&#xE9;rie ci&#xEA;ncias naturais</subfield>
    <subfield code="x">1807-5401</subfield>
    <subfield code="w">(DLC) 2007262004</subfield>
    <subfield code="w">(OCoLC)82372385</subfield>
    <subfield code="w">(ICU)6231611</subfield>
  </datafield>
  <datafield tag="942" ind1=" " ind2=" ">
    <subfield code="2">z</subfield>
    <subfield code="c">REVISTA</subfield>
  </datafield>
  <datafield tag="999" ind1=" " ind2=" ">
    <subfield code="c">19505</subfield>
    <subfield code="d">19505</subfield>
  </datafield>
  <datafield tag="952" ind1=" " ind2=" ">
    <subfield code="0">0</subfield>
    <subfield code="1">0</subfield>
    <subfield code="2">z</subfield>
    <subfield code="4">0</subfield>
    <subfield code="7">0</subfield>
    <subfield code="8">HEMEROTECA</subfield>
    <subfield code="A">2014</subfield>
    <subfield code="B">9</subfield>
    <subfield code="C">2</subfield>
    <subfield code="I">INV2017</subfield>
    <subfield code="a">Bogota</subfield>
    <subfield code="b">Bogota</subfield>
    <subfield code="d">2017-05-22</subfield>
    <subfield code="h">Vol 9, Nro 2 (01/08/2014)</subfield>
    <subfield code="l">0</subfield>
    <subfield code="o">SE</subfield>
    <subfield code="p">041273</subfield>
    <subfield code="r">2017-05-22 00:00:00</subfield>
    <subfield code="t">Ej. 1</subfield>
    <subfield code="w">2017-05-22</subfield>
    <subfield code="x">Donacion</subfield>
    <subfield code="y">REVISTA</subfield>
  </datafield>
</record>
